000 01810nam a22004217a 4500
001 2930
003 FISKH
005 20240124085725.0
008 240124b cb ||||| |||| 00| 0 eng d
020 _a9781428173088
020 _a9780545233576
028 0 2 _aC4250
_bRecorded Books
040 _aDLC
_cDLC
_dDLC
_beng
050 0 0 _aRZC 1183
082 _a553
100 1 _aHaddix, Margaret Peterson.
245 1 0 _aUprising /
_cby Margaret Peterson Haddix.
250 _aFirst Scholastic printing, December 2009
260 _aNew York :
_bScholastic,
_c2007
300 _a346 pages :
_b20 cm
520 _aIn 1927, at the urging of twenty-one-year-old Harriet, Mrs. Livingston reluctantly recalls her experiences at the Triangle Shirtwaist factory, including miserable working conditions that led to a strike, then the fire that took the lives of her two best friends, when Harriet, the boss's daughter, was only five years old. Includes historical notes.
610 2 0 _aTriangle Shirtwaist Company
_xFire, 1911
_vJuvenile literature
610 2 1 _aTriangle Shirtwaist Company
_vFiction.
610 2 1 _aTriangle Shirtwaist Company
_xFire, 1911
_vFiction.
650 0 _aImmigrants
_vJuvenile sound recordings.
650 0 _aFactories
_vJuvenile sound recordings.
650 0 _aLabor disputes
_vJuvenile sound recordings.
650 0 _aStrikes and lockouts
_vJuvenile sound recordings.
650 1 _aImmigrants
_vFiction.
650 1 _aFactories
_vFiction.
650 1 _aLabor disputes
_vFiction.
650 1 _aStrikes and lockouts
_vFiction.
651 0 _aNew York (N.Y.)
_xHistory
_y1898-1951
_vJuvenile sound recordings.
651 1 _aNew York (N.Y.)
_xHistory
_y1898-1951
_vFiction.
655 7 _aAudiobooks.
_2lcgft
906 _a7
_bcbc
_corigres
_d3
_encip
_f20
_gy-soundrec
942 _2ddc
_cBK
_n0
999 _c2930
_d2930